Desarrollo humano

Uloženo v:
Podrobná bibliografie
Hlavní autoři: Papalia, Diane E. (autora), Olds, Sally Wendkos (Autor)
Médium: Kniha
Jazyk:španělština
Vydáno: Bogotá McGraw-Hill 2001
Vydání:8a. ed
Témata:
Tagy: Přidat tag
Žádné tagy, Buďte první, kdo vytvoří štítek k tomuto záznamu!

MARC

LEADER 00000nam a2200000 a 4500
001 UCM1777
003 CL-VaPUC
008 020412e20010000CK |||||||||||||||||spa|d
082 0 4 |a 155.7  |b PAP  |2 21 
100 |a Papalia, Diane E.  |e autora  |9 307695 
700 0 |a Olds, Sally Wendkos  |e author  |9 468629 
245 1 0 |a Desarrollo humano 
250 |a 8a. ed 
300 |a 708 p 
942 |c BK 
945 |d 20020412 00:00:00  |a cmena 
260 |a Bogotá  |b McGraw-Hill  |c 2001 
650 0 |a Psicología evolutiva   |9 271069 
650 0 |a Psicología del desarrollo  |9 307541 
650 0 |a Desarrollo cognitivo  |9 311398 
650 0 |a Desarrollo físico  |9 334273 
650 7 |a NIÑOS - RELACIONES INTERPERSONALES  |2 CL-VaPUC  |9 468630 
650 0 |a Adultos   |9 335034 
583 |a last modification  |c 20020412 00:00:00  |k Rodrigo Vera 
999 |c 300016  |d 300014 
952 |0 0  |1 0  |4 0  |6 155_700000000000000_PAP_2001  |7 0  |8 R  |9 357289  |a BIBEDU  |b BIBEDU  |c MCIRC  |d 2019-11-21  |i 3805611  |l 2  |o 155.7 PAP 2001  |p 3805611  |r 2023-04-17  |s 2023-04-13  |w 2019-11-21  |y BK_R  |k PSI